HANDBOOK OF HUMAN MUSCLES (Record no. 2506)

MARC details
000 -LEADER
fixed length control field 00368nam a2200145Ia 4500
008 - FIXED-LENGTH DATA ELEMENTS--GENERAL INFORMATION
fixed length control field 150201s1994 xx 000 0 und d
082 ## - DEWEY DECIMAL CLASSIFICATION NUMBER
Classification number 611
Item number H1994K
100 ## - MAIN ENTRY--PERSONAL NAME
Personal name KHURANA,N.D.
245 ## - TITLE STATEMENT
Title HANDBOOK OF HUMAN MUSCLES
250 ## - EDITION STATEMENT
Edition statement 3RD
260 ## - PUBLICATION, DISTRIBUTION, ETC. (IMPRINT)
Name of publisher, distributor, etc. JAYPEE MEDICAL PUBLISHER
Place of publication, distribution, etc. DARYAGANJ (NEW DELHI)
Date of publication, distribution, etc. 1994
300 ## - PHYSICAL DESCRIPTION
Extent 1-175
650 ## - SUBJECT ADDED ENTRY--TOPICAL TERM
Topical term or geographic name as entry element ANATOMY
942 ## - ADDED ENTRY ELEMENTS (KOHA)
Source of classification or shelving scheme Dewey Decimal Classification
Koha item type Books
Koha issues (borrowed), all copies 1
Holdings
Withdrawn status Lost status Source of classification or shelving scheme Damaged status Not for loan Home library Current library Date acquired Source of acquisition Cost, normal purchase price Serial Enumeration / chronology SGTU Bill Number Total Checkouts Full call number Barcode Date last seen Bill Date Koha item type Date last checked out
    Dewey Decimal Classification     SGT Dental Library SGT Dental Library 10/04/2002 U.B.S.DELHI 30.00 1 SGTU 45   611 H1994K FD297 09/02/2015 24/01/2012 Books  
    Dewey Decimal Classification     SGT Dental Library SGT Dental Library 10/04/2002 U.B.S.DELHI 30.00 1 SGTU 45   611 H1994K FD298 09/02/2015 24/01/2012 Books  
    Dewey Decimal Classification     SGT Dental Library SGT Dental Library 10/04/2002 U.B.S.DELHI 30.00 1 SGTU 45 1 611 H1994K FD299 09/04/2024 24/01/2012 Books 09/04/2024
    Dewey Decimal Classification     SGT Dental Library SGT Dental Library 10/04/2002 U.B.S.DELHI 30.00 1 SGTU 45 1 611 H1994K FD300 27/04/2015 24/01/2012 Books 27/04/2015
    Dewey Decimal Classification     SGT Dental Library SGT Dental Library 10/04/2002 U.B.S.DELHI 30.00 1 SGTU 45   611 H1994K FD301 09/02/2015 24/01/2012 Books